Folleto Informativo (Record no. 13449)
[ view plain ]
| 000 -LEADER | |
|---|---|
| campo de control de longitud fija | 01581nam a22001817a 4500 |
| 005 - FECHA Y HORA DE LA ÚLTIMA TRANSACCIÓN | |
| campo de control | 20250526144608.0 |
| 008 - DATOS DE LONGITUD FIJA--INFORMACIÓN GENERAL | |
| campo de control de longitud fija | 250523b2025 |||ac|ofd|||fa|0| 0 spa d |
| 040 ## - FUENTE DE CATALOGACIÓN | |
| Centro catalogador/agencia de origen | CGIP0042 |
| Centro/agencia transcriptor | CGIP0042 |
| Normas de descripción | RDA |
| 110 ## - ENTRADA PRINCIPAL--NOMBRE DE ENTIDAD CORPORATIVA | |
| Nombre de entidad corporativa o nombre de jurisdicción como elemento de entrada | Instituto Dominicano de Evaluación e Investigación de la Calidad Educativa (IDEICE) |
| 245 ## - MENCIÓN DEL TÍTULO | |
| Título | Folleto Informativo |
| Resto del título | Base de datos de Investigaciones y Evaluaciones Educativas de la República Dominicana (Inered) |
| 260 ## - PUBLICACIÓN, DISTRIBUCIÓN, ETC. | |
| Lugar de publicación, distribución, etc. | Santo Domingo |
| Nombre del editor, distribuidor, etc. | IDEICE |
| Fecha de publicación, distribución, etc. | 2025 |
| 300 ## - DESCRIPCIÓN FÍSICA | |
| Extensión | 2p |
| 310 ## - PERIODICIDAD ACTUAL | |
| Periodicidad actual | 2025 |
| 520 ## - RESUMEN, ETC. | |
| Sumario, etc. | ¿Qué es INERED?<br/>Base de Datos de Investigaciones y Evaluaciones Educativas de la República Dominicana INERED es la primera base de datos pública de postgrado sobre investigaciones y evaluaciones educativas de la República Dominicana, consultable libremente desde Internet, desarrollada por el Instituto Dominicano de Evaluación e Investigación de la Calidad Educativa-va (Ideice).<br/><br/>INERED es un aporte que hace el Ideice a la comunidad científica nacional e internacional, al poner a disposición de esta y de la ciudadanía en general una recopilación de estudios desarrollados por instituciones de educación superior del país, en colaboración con entidades extranjeras, así como por organismos experto-tos de reconocida trayectoria. Esta iniciativa reúne investigaciones y evaluaciones producir-das en el ámbito educativo desde la década de los ochenta hasta la actualidad.<br/> |
| 710 ## - ENTRADA AGREGADA--NOMBRE DE ENTIDAD CORPORATIVA | |
| Nombre de entidad corporativa o nombre de jurisdicción como elemento de entrada | Instituto Dominicano de Evaluación e Investigación de la Calidad Educativa (IDEICE) |
| 856 ## - LOCALIZACIÓN Y ACCESO ELECTRÓNICOS | |
| Identificador Uniforme de Recurso | <a href="https://inered.gob.do/">https://inered.gob.do/</a> |
| 942 ## - ELEMENTOS DE ENTRADA SECUNDARIOS (KOHA) | |
| Fuente de la clasificación o esquema de estantería | Clasificación Decimal Dewey |
| Tipo de ítem Koha | Folletos |
| Suprimir en OPAC | No |
| Estatus retirado | Estado de pérdida | Fuente de la clasificación o esquema de estantería | Estado de daño | No para préstamo | Biblioteca de origen | Biblioteca actual | Fecha de adquisición | Total de préstamos | Visto por última vez | Identificador uniforme de recursos | Precio de reemplazo | Tipo de ítem Koha |
|---|---|---|---|---|---|---|---|---|---|---|---|---|
| Clasificación Decimal Dewey | Biblioteca IDEICE | Biblioteca IDEICE | 23/05/2025 | 23/05/2025 | https://inered.gob.do/ | 23/05/2025 | Folletos |